Pokemon Abilities: Swift Swim - Statistics

General Stats
  • This quiz has been taken 13 times
  • The average score is 39 of 45
Answer Stats
Hint Answer % Correct
VIII Arrokuda
100%
VIII Barraskewda
100%
I Goldeen
100%
I Horsea
100%
II Kingdra
100%
I Magikarp
100%
I Seaking
100%
III Swampert(Mega)
100%
L:A Basculegion
88%
IV Buizel
88%
V Carracosta
88%
VIII Chewtle
88%
VIII Drednaw
88%
IV Finneon
88%
IV Floatzel
88%
I Golduck
88%
III Gorebyss
88%
III Huntail
88%
I Kabuto
88%
I Kabutops
88%
III Lombre
88%
III Lotad
88%
III Ludicolo
88%
IV Lumineon
88%
III Luvdisc
88%
I Omanyte
88%
I Omastar
88%
L:A Overqwil
88%
V Palpitoad
88%
I Poliwag
88%
I Poliwhirl
88%
I Poliwrath
88%
I Psyduck
88%
II Qwilfish
88%
III Relicanth
88%
V Seismitoad
88%
III Surskit
88%
V Tirtouga
88%
V Tympole
88%
III Feebas
75%
III Anorith
63%
III Armaldo
63%
V Beartic
63%
II Mantine
63%
IV Mantyke
63%
No matching quizzes found
Score Distribution
Percent of People with Each Score
Percentile by Number Answered
Your Score History
You have not taken this quiz